00978cam a22002534a 4500001000800000005001700008008004100025020001500066050002200081082001200103100002100115245013400136250001200270260004100282300003400323650001600357650002600373650002800399700002300427700002300450856009300473856008500566856007300651263135420250222120024.0990525s2000 maua b 001 0 eng  a007228762400aHF5635b.H35 200000a6572211 aHaskins, Mark E.10aInternational financial reporting and analysis :ba contextual emphasis /cMark E. Haskins, Kenneth R. Ferris, Thomas I. Selling. a2nd ed. aBoston :bIrwin/McGraw-Hill,cc2000. axii, 557 p. :bill. ;c27 cm. 0aAccounting. 0aFinancial statements. 0aComparative accounting.1 aFerris, Kenneth R.1 aSelling, Thomas I.423Contributor biographical informationuhttp://www.loc.gov/catdir/bios/mh042/99034881.html423Publisher descriptionuhttp://www.loc.gov/catdir/description/mh023/99034881.html413Table of contentsuhttp://www.loc.gov/catdir/toc/mh023/99034881.html